000
00319nam a2200133Ia 4500
008
191201s2019 xx 000 0 und d
100
_a
KUMAR, B
245
0
_a
Manufacturing Processes and Technology
250
_a
4th
260
_a
N.Delhi
_b
Khanna Publisher
300
_a
770
650
_a
B.Tech(ME)
942
_2
ddc
_c
BK
999
_c
1705
_d
1705